000 00720nam a22002177a 4500
999 _c6173
_d6173
003 AR-CdUCM
008 190313b ||||| |||| 00| 0 spa d
040 _aMUNICIPALIDAD PROVINCIAL DEL CUSCO
_cBIBLIOTECA MUNICIPAL DEL CUSCO
082 _a869.62 /
_bM26
100 _aMartinez, Luis A.
_917839
245 _aA la Costa /
260 _aEcuador :
_bPublicaciones Educativas Ariel ;
300 _a188 páginas ;
_c18cm
440 _aColección Clásicos Ariel, Biblioteca de Autores Ecuatorianos
_n4
_917840
500 _aDonación de la familia Nieto
505 _aContenido: Novela
650 _aNovela Ecuatoriana
_917841
650 _aLiteratura latinoamericana
_96194
942 _2ddc
_cLIBROS
945 _anom